[Event "100 Jahre Schvgg Blankenese - Open 2023"]
[Site "Lise-Meitner-Gymnasium (HH)"]
[Date "2023.10.02"]
[Round "6.28"]
[White "Neller, Christian"]
[Black "Pavlov, Dmitriy"]
[Result "1-0"]
[WhiteElo "1757"]
[BlackElo "1474"]
[PlyCount "47"]
[EventDate "2023.09.30"]
[EventType "swiss"]
[EventRounds "7"]
[WhiteTeam "SF Wedel"]
[BlackTeam "SV Eidelstedt"]

1. d4 d5 2. c4 e6 3. Nc3 Nf6 4. cxd5 exd5 5. Bg5 Be7 6. e3 O-O 7. Bd3 b6 8. Rc1
c6 9. Nge2 Ne4 10. Bf4 Nxc3 11. Nxc3 Nd7 12. O-O Nf6 13. h3 Bd6 14. Bxd6 Qxd6
15. Qf3 Re8 16. a3 Ne4 17. Nxe4 Qg6 18. Nc5 Qg5 19. Na6 Re6 20. Nc7 Rf6 21. Qg3
Qxg3 22. fxg3 Rxf1+ 23. Kxf1 Rb8 24. Rxc6 1-0

[Event "100 Jahre Schvgg Blankenese - Open 2023"]
[Site "Lise-Meitner-Gymnasium (HH)"]
[Date "2023.10.02"]
[Round "6.29"]
[White "Borgert, Alexander"]
[Black "Moskalenko, Michael"]
[Result "0-1"]
[WhiteElo "1675"]
[BlackElo "1353"]
[PlyCount "120"]
[EventDate "2023.09.30"]
[EventType "swiss"]
[EventRounds "7"]
[WhiteTeam "Hamburger SK von 1830 eV"]
[BlackTeam "Elmshorner SC von 1896"]

1. d4 d5 2. c4 e6 3. Nc3 c5 4. cxd5 exd5 5. Nf3 Nc6 6. Bf4 Nf6 7. e3 Bf5 8. Bd3
Bxd3 9. Qxd3 c4 10. Qd2 Be7 11. O-O O-O 12. Ne5 Rc8 13. Nxc6 Rxc6 14. Qc2 Nh5
15. Bg3 Bb4 16. a3 Bxc3 17. bxc3 f5 18. Be5 Rg6 19. Rab1 b6 20. Rb2 Qg5 21. g3
Nf6 22. Bxf6 Qxf6 23. Rb5 Rd8 24. Qa4 Qe7 25. Qb4 Qb7 26. Qb1 Qf7 27. a4 Rdd6
28. a5 Qe6 29. a6 h5 30. Re1 Qf6 31. Kf1 h4 32. Qd1 hxg3 33. hxg3 Rh6 34. Qf3
Qf7 35. Ke2 Qd7 36. Reb1 Qe6 37. Qf4 Qe4 38. Qxe4 fxe4 39. Kf1 g5 40. Kg2 g4
41. R1b4 Kf7 42. Rb1 Rh5 43. Kf1 Rh1+ 44. Ke2 Rxb1 45. Rxb1 Rh6 46. Kd2 Ke6 47.
Kc2 Kd6 48. Kb2 Rh2 49. Rf1 Kc6 50. Ka3 b5 51. Kb4 Kb6 52. Ra1 Rxf2 53. Rh1
Rb2+ 54. Ka3 Rb3+ 55. Ka2 Rxc3 56. Rh6+ Ka5 57. Rd6 Rxe3 58. Rxd5 Kxa6 59. Rc5
Rxg3 60. d5 Rd3 0-1

[Event "100 Jahre Schvgg Blankenese - Open 2023"]
[Site "Lise-Meitner-Gymnasium (HH)"]
[Date "2023.10.02"]
[Round "6.30"]
[White "Schacht, David"]
[Black "Baumann, Simon"]
[Result "1-0"]
[WhiteElo "1665"]
[BlackElo "1379"]
[PlyCount "111"]
[EventDate "2023.09.30"]
[EventType "swiss"]
[EventRounds "7"]
[WhiteTeam "SchVgg Blankenese von 1923 e.V."]
[BlackTeam "HSK Lister Turm"]

1. b3 Nf6 2. e3 d5 3. Bb2 Bf5 4. c4 e6 5. Nf3 c6 6. Be2 Bd6 7. Nh4 Bg6 8. Nxg6
fxg6 9. Bg4 Qe7 10. cxd5 cxd5 11. Bf3 Nc6 12. Nc3 Nb4 13. O-O Nd3 14. Qc2 Nxb2
15. Qxb2 Qc7 16. h3 a6 17. Rac1 Qe7 18. Qc2 O-O 19. d4 Rac8 20. Qd3 Nd7 21. e4
dxe4 22. Nxe4 e5 23. dxe5 Bxe5 24. Qd5+ Kh8 25. Qxb7 Rxc1 26. Rxc1 Qa3 27. Rc2
Qa5 28. Re2 Qc7 29. Qxc7 Bxc7 30. Ng5 Rc8 31. Bb7 Rb8 32. Bxa6 h6 33. Nf7+ Kg8
34. Bc4 Kf8 35. Nh8 Ne5 36. Rxe5 Bxe5 37. Nxg6+ Ke8 38. Nxe5 Ra8 39. a4 Ke7 40.
f4 g5 41. fxg5 hxg5 42. Kf2 Kf6 43. Nd7+ Kf5 44. Nb6 Rb8 45. a5 Rb7 46. Nd5 Ke5
47. a6 Ra7 48. Nb6 Kd4 49. Nc8 Ra8 50. Be6 Rxa6 51. Bc4 Rc6 52. Ne7 Rf6+ 53.
Kg3 Rf4 54. Nc6+ Kc5 55. Ne5 Kd4 56. Nf3+ 1-0

[Event "100 Jahre Schvgg Blankenese - Open 2023"]
[Site "Lise-Meitner-Gymnasium (HH)"]
[Date "2023.10.02"]
[Round "6.31"]
[White "Braren, Ove Neelis"]
[Black "Alieksieiev, Oleksii"]
[Result "0-1"]
[WhiteElo "1365"]
[BlackElo "1637"]
[PlyCount "112"]
[EventDate "2023.09.30"]
[EventType "swiss"]
[EventRounds "7"]
[WhiteTeam "Königsspr. SC.1984 e.V."]
[BlackTeam "Hamburger SK von 1830 eV"]

1. e4 e5 2. Nf3 Nc6 3. d4 exd4 4. Nxd4 Nf6 5. Nc3 Bb4 6. Nxc6 bxc6 7. Bd3 O-O
8. O-O Re8 9. Bg5 Bxc3 10. bxc3 h6 11. Bh4 g5 12. Bg3 Nxe4 13. Qh5 Kg7 14. f4
Nf6 15. Qf3 d5 16. fxg5 hxg5 17. Bxc7 Qe7 18. Bg3 Qe3+ 19. Qxe3 Rxe3 20. Bf2
Re6 21. Bd4 c5 22. Bxc5 Kg8 23. Bd4 Ne4 24. Bxe4 dxe4 25. Rfe1 f5 26. Re2 Ba6
27. Ree1 Bc4 28. Kf2 a6 29. a3 Kf7 30. h3 f4 31. Rab1 Kg6 32. g4 Rae8 33. Rbd1
e3+ 34. Kf3 Bd5+ 35. Ke2 f3+ 36. Kd3 Be4+ 37. Kc4 Bxc2 38. Rc1 Ba4 39. Kd3 f2
40. Rxe3 Bb5+ 41. c4 Bxc4+ 42. Kxc4 Rc6+ 43. Bc5 Rxe3 44. Kd5 Rxc5+ 45. Rxc5
f1=Q 46. Rc6+ Kf7 47. Rc7+ Re7 48. Rc6 Qd3+ 49. Kc5 Qxa3+ 50. Kc4 Re4+ 51. Kd5
Qd3+ 52. Kc5 Qb5+ 53. Kd6 Re6+ 54. Kc7 Rxc6+ 55. Kd7 Qb7+ 56. Kd8 Rc8# 0-1

[Event "100 Jahre Schvgg Blankenese - Open 2023"]
[Site "Lise-Meitner-Gymnasium (HH)"]
[Date "2023.10.02"]
[Round "6.32"]
[White "Wolff, Ole"]
[Black "Fellberg, Justus"]
[Result "1/2-1/2"]
[WhiteElo "1375"]
[BlackElo "1628"]
[PlyCount "92"]
[EventDate "2023.09.30"]
[EventType "swiss"]
[EventRounds "7"]
[WhiteTeam "SchVgg Blankenese von 1923 e.V."]
[BlackTeam "SK Wilhelmsburg 1936 eV"]

1. Nf3 Nf6 2. g3 g6 3. Bg2 Bg7 4. O-O O-O 5. d4 d5 6. c4 c6 7. Qc2 Bf5 8. Qb3
Qc8 9. Bg5 e6 10. Nbd2 Nbd7 11. Nh4 h6 12. Nxf5 gxf5 13. Bf4 Nh5 14. Be3 Qc7
15. Nf3 f4 16. Bd2 fxg3 17. hxg3 Qb6 18. Qxb6 Nxb6 19. cxd5 exd5 20. b3 Rac8
21. Bh3 Rcd8 22. a4 Nd7 23. b4 Nb6 24. Ne5 Rfe8 25. a5 Bxe5 26. dxe5 Nc4 27.
Bxh6 Rxe5 28. Rfe1 Rde8 29. Bg4 Kh7 30. Bxh5 Kxh6 31. Bf3 Nd2 32. Kg2 Kg5 33.
e3 Nxf3 34. Kxf3 Re4 35. b5 cxb5 36. Red1 R4e5 37. a6 bxa6 38. Rxa6 R8e7 39.
Rda1 Rf5+ 40. Kg2 Kg4 41. Rxa7 Re6 42. Rb7 d4 43. Ra2 dxe3 44. Re2 Ref6 45. f4
Re6 46. Rb8 Rff6 1/2-1/2

[Event "100 Jahre Schvgg Blankenese - Open 2023"]
[Site "Lise-Meitner-Gymnasium (HH)"]
[Date "2023.10.02"]
[Round "6.33"]
[White "Reinecke, Gerd"]
[Black "Mi, Gufeng"]
[Result "0-1"]
[WhiteElo "1322"]
[BlackElo "1544"]
[PlyCount "84"]
[EventDate "2023.09.30"]
[EventType "swiss"]
[EventRounds "7"]
[WhiteTeam "SchVgg Blankenese von 1923 e.V."]
[BlackTeam "Niendorfer TSV 1919 SAbt"]

1. e4 d6 2. d4 Nf6 3. Nc3 g6 4. f4 Bg7 5. Nf3 c5 6. dxc5 Qa5 7. Bb5+ Bd7 8.
Bxd7+ Nbxd7 9. O-O Nxc5 10. Bd2 Qb6 11. Be3 Qxb2 12. Bxc5 Qxc3 13. Bd4 Qc6 14.
Re1 O-O 15. Qe2 Rac8 16. Rac1 Nd7 17. Bxg7 Kxg7 18. Kh1 Kg8 19. e5 dxe5 20.
fxe5 e6 21. Nd4 Qc4 22. Qe3 Nb6 23. Nf3 Kg7 24. Red1 Qc5 25. Qg5 Nd5 26. c4 h6
27. Qh4 Ne3 28. Qf6+ Kg8 29. Rd4 Nf5 30. Rg4 Rc7 31. Nh4 Nxh4 32. Rxh4 Qe3 33.
Rf1 Qg5 34. Qf2 h5 35. Qd4 Rd8 36. Qf2 Rd2 37. Qg3 Qxg3 38. hxg3 Rxa2 39. Rc1
Rc5 40. Re4 Kf8 41. Kg1 Ke7 42. Kf1 b6 0-1

[Event "100 Jahre Schvgg Blankenese - Open 2023"]
[Site "Lise-Meitner-Gymnasium (HH)"]
[Date "2023.10.02"]
[Round "6.34"]
[White "Bächler, Andreas"]
[Black "von Flottwell, Lionel"]
[Result "1-0"]
[WhiteElo "1552"]
[BlackElo "1265"]
[PlyCount "95"]
[EventDate "2023.09.30"]
[EventType "swiss"]
[EventRounds "7"]
[WhiteTeam "SC Turm Lüneburg e.V."]
[BlackTeam "SK Wilhelmsburg 1936 eV"]

1. e4 e5 2. f4 d5 3. exd5 exf4 4. Nf3 Nf6 5. Bc4 Nxd5 6. Bxd5 Qxd5 7. Nc3 Qd8
8. d4 Bg4 9. Qe2+ Be7 10. Bxf4 Nc6 11. O-O-O Nxd4 12. Rxd4 Qxd4 13. Nxd4 Bxe2
14. Ndxe2 O-O-O 15. Rd1 Rxd1+ 16. Nxd1 g5 17. Bd2 Rd8 18. h3 h5 19. Ng3 h4 20.
Nf5 Bf6 21. Bc3 Bxc3 22. Nxc3 a6 23. Ne4 Re8 24. Nc3 f6 25. Kd2 Kd7 26. Nd5 Re5
27. Nde3 c5 28. Nh6 Ke6 29. Nhg4 Re4 30. c3 f5 31. Nf2 Ra4 32. a3 b6 33. Nd3 g4
34. hxg4 fxg4 35. c4 h3 36. gxh3 g3 37. Kc3 Kf6 38. h4 Kg6 39. Nf4+ Kh7 40.
Nfd5 b5 41. Nf4 a5 42. Kb3 Kg8 43. Ne2 g2 44. Kc3 Kf8 45. b3 b4+ 46. Kc2 bxa3
47. bxa4 Kg7 48. Nxg2 1-0

[Event "100 Jahre Schvgg Blankenese - Open 2023"]
[Site "Lise-Meitner-Gymnasium (HH)"]
[Date "2023.10.02"]
[Round "6.35"]
[White "Bürgener, Richard"]
[Black "Karlinder, Lovis Neo"]
[Result "1-0"]
[WhiteElo "1490"]
[BlackElo "1269"]
[PlyCount "37"]
[EventDate "2023.09.30"]
[EventType "swiss"]
[EventRounds "7"]
[WhiteTeam "SV Bad Bevensen"]
[BlackTeam "Schleswiger SV von 1919"]

1. e4 c6 2. d4 d5 3. exd5 cxd5 4. Bd3 Nf6 5. Bf4 Nc6 6. c3 e6 7. Nf3 Bd6 8.
Bxd6 Qxd6 9. Nbd2 O-O 10. O-O Re8 11. Re1 Bd7 12. Ne5 Bc8 13. Qc2 h6 14. Re3
Nd7 15. Nxf7 Kxf7 16. Bg6+ Ke7 17. Bxe8 Kxe8 18. Qg6+ Kf8 19. Rxe6 1-0

[Event "100 Jahre Schvgg Blankenese - Open 2023"]
[Site "Lise-Meitner-Gymnasium (HH)"]
[Date "2023.10.02"]
[Round "6.36"]
[White "Zweig, Gregor"]
[Black "Klaeke, Gregor"]
[Result "1-0"]
[WhiteElo "1192"]
[BlackElo "1482"]
[PlyCount "119"]
[EventDate "2023.09.30"]
[EventType "swiss"]
[EventRounds "7"]
[WhiteTeam "SK Union Eimsbuettel eV"]
[BlackTeam "Niendorfer TSV 1919 SAbt"]

1. d4 d5 2. Nf3 g6 3. Bf4 Nc6 4. e3 Bg7 5. c3 Bf5 6. Bb5 Bd7 7. Nbd2 a6 8. Bxc6
Bxc6 9. Ne5 Nf6 10. Nxc6 bxc6 11. Qa4 Qd7 12. Nf3 Ne4 13. Ne5 Bxe5 14. Bxe5 f6
15. Bg3 O-O 16. Rc1 e6 17. c4 Nxg3 18. hxg3 Rab8 19. b3 Rb6 20. c5 Rbb8 21.
Qxa6 e5 22. O-O Ra8 23. Qe2 h5 24. Ra1 Kg7 25. a4 Qf5 26. a5 Rfb8 27. Ra3 Rb5
28. a6 Ra7 29. Rfa1 Rb8 30. Qd1 Qc8 31. Qd2 Rb5 32. b4 Qb8 33. Ra4 Qc8 34. Qc3
e4 35. Qa3 Qb8 36. Rb1 Qc8 37. Ra1 Qb8 38. Qb2 g5 39. f3 exf3 40. gxf3 Qe8 41.
Kf2 Qc8 42. Kg2 Qf5 43. Qe2 Qg6 44. e4 Qf7 45. exd5 Qxd5 46. Qe7+ Kg6 47. Qe4+
Qxe4 48. fxe4 Rb8 49. Kf3 f5 50. exf5+ Kxf5 51. Re1 Rd8 52. Re5+ Kf6 53. Ke4
Rd7 54. Ra1 Rf7 55. Rf5+ Kg6 56. Rxf7 Kxf7 57. d5 cxd5+ 58. Kxd5 h4 59. gxh4
gxh4 60. b5 1-0

[Event "100 Jahre Schvgg Blankenese - Open 2023"]
[Site "Lise-Meitner-Gymnasium (HH)"]
[Date "2023.10.02"]
[Round "6.37"]
[White "Kraft, Cynthia Yumi"]
[Black "Lohmann, Rene"]
[Result "0-1"]
[WhiteElo "1588"]
[BlackElo "1496"]
[PlyCount "56"]
[EventDate "2023.09.30"]
[EventType "swiss"]
[EventRounds "7"]
[WhiteTeam "Hamburger SK von 1830 eV"]
[BlackTeam "SK Wilhelmsburg 1936 eV"]

1. d4 Nf6 2. c4 g6 3. f3 c5 4. d5 e6 5. e4 exd5 6. cxd5 d6 7. Nc3 Bg7 8. Bg5
O-O 9. Qd2 Re8 10. Bd3 a6 11. a4 Qc7 12. Nge2 Nbd7 13. O-O Ne5 14. h3 Bd7 15.
f4 Nxd3 16. Qxd3 c4 17. Qc2 b5 18. axb5 axb5 19. Rxa8 Rxa8 20. Ng3 b4 21. Nce2
Bb5 22. f5 Nd7 23. fxg6 hxg6 24. Qd2 Qc5+ 25. Be3 c3 26. Bxc5 cxd2 27. Bxb4
Bxb2 28. Bxd6 Ra1 0-1

[Event "100 Jahre Schvgg Blankenese - Open 2023"]
[Site "Lise-Meitner-Gymnasium (HH)"]
[Date "2023.10.02"]
[Round "6.38"]
[White "Wang, Kaiwen"]
[Black "Frackowiak, Stanislaw"]
[Result "1/2-1/2"]
[WhiteElo "1558"]
[BlackElo "1441"]
[PlyCount "99"]
[EventDate "2023.09.30"]
[EventType "swiss"]
[EventRounds "7"]
[WhiteTeam "Hamburger SK von 1830 eV"]
[BlackTeam "Hamburger SK von 1830 eV"]

1. e4 c5 2. Nf3 Nc6 3. d4 cxd4 4. Nxd4 Nf6 5. Nc3 e6 6. Ndb5 Bb4 7. Bf4 Nxe4 8.
Nd6+ Nxd6 9. Bxd6 Bxd6 10. Qxd6 Qe7 11. Qg3 O-O 12. O-O-O d5 13. Be2 a6 14. Bf3
b5 15. Rhe1 Qc5 16. Kb1 Bb7 17. Ne2 Rac8 18. Rd2 a5 19. Nf4 Ne7 20. Nd3 Qb6 21.
h4 b4 22. Qh3 a4 23. Bd1 Ba6 24. Ne5 Rc7 25. g4 Bc4 26. g5 b3 27. cxb3 axb3 28.
Bxb3 Bxb3 29. Qxb3 Qxb3 30. axb3 Rb7 31. Rd3 Rfb8 32. Kc2 Nf5 33. h5 Rc7+ 34.
Kd2 d4 35. Rc1 Rxc1 36. Kxc1 f6 37. gxf6 gxf6 38. Nc4 e5 39. Rf3 Ng7 40. Rxf6
Nxh5 41. Rf5 Ng7 42. Rxe5 Rxb3 43. Rd5 Rf3 44. Rd8+ Rf8 45. Rxf8+ Kxf8 46. Ne5
Nf5 47. b4 Ke7 48. b5 Kd6 49. b6 h5 50. Kd2 1/2-1/2

[Event "100 Jahre Schvgg Blankenese - Open 2023"]
[Site "Lise-Meitner-Gymnasium (HH)"]
[Date "2023.10.02"]
[Round "6.39"]
[White "Reich, Kristina"]
[Black "Remizov, Kyryl"]
[Result "1/2-1/2"]
[WhiteElo "1529"]
[BlackElo "1312"]
[PlyCount "70"]
[EventDate "2023.09.30"]
[EventType "swiss"]
[EventRounds "7"]
[WhiteTeam "Hamburger SK von 1830 eV"]
[BlackTeam "Stader SV"]

1. d4 d5 2. g3 Bf5 3. Bg2 e6 4. Nf3 Nf6 5. O-O c5 6. c4 Nc6 7. Qa4 Qd7 8. cxd5
Nxd5 9. Ne5 Nxe5 10. Qxd7+ Nxd7 11. e4 Bxe4 12. Bxe4 cxd4 13. Nd2 N7b6 14. Nf3
Rb8 15. Nxd4 Bc5 16. Nb3 Bd6 17. Rd1 Be5 18. Nc5 h6 19. a4 a5 20. Ra3 Bd6 21.
Bxd5 Nxd5 22. Bf4 Bxc5 23. Bxb8 Bxa3 24. bxa3 O-O 25. Be5 Rc8 26. Rb1 b6 27.
Bd4 Rc4 28. Bxb6 Rxa4 29. Bc5 Kh7 30. Rb7 Kg6 31. Ra7 Rc4 32. Rxa5 Nc3 33. Bb4
Nd5 34. Rc5 Rd4 35. Rb5 Nc7 1/2-1/2

[Event "100 Jahre Schvgg Blankenese - Open 2023"]
[Site "Lise-Meitner-Gymnasium (HH)"]
[Date "2023.10.02"]
[Round "6.40"]
[White "Lorenz, Felix"]
[Black "Kalkowski, Andreas"]
[Result "0-1"]
[WhiteElo "1225"]
[BlackElo "1458"]
[PlyCount "116"]
[EventDate "2023.09.30"]
[EventType "swiss"]
[EventRounds "7"]
[WhiteTeam "SF Wedel"]
[BlackTeam "Königsspr. SC.1984 e.V."]

1. e4 e6 2. d4 d5 3. Bd3 Nf6 4. e5 Nfd7 5. f4 c5 6. Nf3 cxd4 7. Nxd4 Nc6 8. Be3
a6 9. Nxc6 bxc6 10. Nd2 c5 11. Qg4 f5 12. exf6 Nxf6 13. Qh4 Be7 14. Bg6+ Kf8
15. O-O h5 16. Nf3 Ng4 17. Bxc5 Qc7 18. Bxe7+ Qxe7 19. Qxe7+ Kxe7 20. h3 Nf6
21. Ne5 Rf8 22. Bd3 Kd6 23. c4 Bb7 24. Rac1 Rac8 25. Rc3 g5 26. cxd5 Nxd5 27.
Rxc8 Bxc8 28. Nc4+ Kc5 29. fxg5 Rg8 30. h4 Kd4 31. Be2 e5 32. Rd1+ Kc5 33. b4+
Nxb4 34. Nxe5 Re8 35. Nd3+ Nxd3 36. Bxd3 Bg4 37. Rc1+ Kb6 38. Rb1+ Ka5 39. Kf2
Rd8 40. Ke3 Rxd3+ 41. Kxd3 Bf5+ 42. Kd4 Bxb1 43. Ke5 Bxa2 44. g6 Bb3 45. g7 Kb5
46. Kf5 a5 47. Kg5 a4 48. Kxh5 a3 49. Kg6 a2 50. h5 a1=Q 51. h6 Qb1+ 52. Kf6
Bg8 53. g4 Qb2+ 54. Kg6 Qc2+ 55. Kf6 Qc6+ 56. Kg5 Qe6 57. Kh5 Bh7 58. g5 Qh3#
0-1

[Event "100 Jahre Schvgg Blankenese - Open 2023"]
[Site "Lise-Meitner-Gymnasium (HH)"]
[Date "2023.10.02"]
[Round "6.41"]
[White "Khattar, Ranvir Singh"]
[Black "Wang, Kaichen"]
[Result "1-0"]
[WhiteElo "1211"]
[BlackElo "1072"]
[PlyCount "109"]
[EventDate "2023.09.30"]
[EventType "swiss"]
[EventRounds "7"]
[WhiteTeam "SK Wilhelmsburg 1936 eV"]
[BlackTeam "SchVgg Blankenese von 1923 e.V."]

1. e4 c6 2. d4 d5 3. exd5 cxd5 4. Nf3 Nc6 5. h3 Nf6 6. Bb5 Bd7 7. O-O a6 8. Ba4
e6 9. Nc3 Bd6 10. Bg5 h6 11. Bd2 O-O 12. Re1 Re8 13. Ne5 b5 14. Nxc6 Bxc6 15.
Bb3 Qb6 16. Be3 Rac8 17. Qd2 Qb7 18. Bf4 Qc7 19. Ne2 e5 20. dxe5 Bxe5 21. Bxe5
Rxe5 22. c3 Rce8 23. Nd4 Qd7 24. Nf3 R5e7 25. Rxe7 Rxe7 26. Re1 Bb7 27. Ne5 Qd6
28. Nd3 Bc6 29. Re2 Bb7 30. Qe1 Rxe2 31. Qxe2 Qc6 32. Qe7 d4 33. Qxf7+ Kh7 34.
Nf4 dxc3 35. Bc2+ Ne4 36. Ne6 Qxe6 37. Qxe6 cxb2 38. Bxe4+ Bxe4 39. Qxe4+ Kg8
40. Qb1 a5 41. Qxb2 b4 42. Qb3+ Kh7 43. Qa4 b3 44. axb3 g5 45. Qxa5 Kg6 46. g4
h5 47. Qa6+ Kg7 48. b4 Kf7 49. b5 Ke7 50. Qc6 hxg4 51. b6 gxh3 52. b7 g4 53.
b8=Q h2+ 54. Kh1 g3 55. Qbe8# 1-0

[Event "100 Jahre Schvgg Blankenese - Open 2023"]
[Site "Lise-Meitner-Gymnasium (HH)"]
[Date "2023.10.02"]
[Round "6.42"]
[White "Bauta, Luan"]
[Black "von Flottwell, Nils"]
[Result "0-1"]
[WhiteElo "948"]
[BlackElo "1014"]
[PlyCount "96"]
[EventDate "2023.09.30"]
[EventType "swiss"]
[EventRounds "7"]
[WhiteTeam "Königsspr. SC.1984 e.V."]
[BlackTeam "SK Wilhelmsburg 1936 eV"]

1. e4 e5 2. Nf3 Nc6 3. Bc4 Nf6 4. d3 Bc5 5. c3 O-O 6. Bg5 Na5 7. Nxe5 Nxc4 8.
Nxc4 h6 9. Bh4 g5 10. Bg3 d6 11. d4 Bb6 12. a4 c6 13. Bxd6 Re8 14. Bg3 Nxe4 15.
O-O Nxg3 16. fxg3 Bc7 17. Qh5 Be6 18. Qxh6 Bxc4 19. Nd2 Bxf1 20. Rxf1 Qe7 21.
Rf5 Qe3+ 22. Kh1 Bd8 23. Nf3 Qc1+ 24. Ng1 Re6 25. Qh5 Rg6 26. Qf3 f6 27. Qh5
Kg7 28. h3 Be7 29. Kh2 g4 30. Rf4 Rh8 31. Qf5 Qxb2 32. Qe6 Re8 33. c4 Qb3 34.
d5 cxd5 35. cxd5 Kf8 36. Qf5 Kg7 37. Qd7 Kf8 38. Qf5 Rg5 39. Qe6 Qxd5 40. Qe3
Kf7 41. Qxa7 Bc5 42. h4 Bxa7 43. hxg5 Bxg1+ 44. Kxg1 Qc5+ 45. Kf1 Qxg5 46. Rb4
Qc1+ 47. Kf2 Qd2+ 48. Kf1 Re1# 0-1

[Event "100 Jahre Schvgg Blankenese - Open 2023"]
[Site "Lise-Meitner-Gymnasium (HH)"]
[Date "2023.10.02"]
[Round "6.46"]
[White "Körber, Uwe"]
[Black "Döpmann, Christoph"]
[Result "1-0"]
[WhiteElo "1697"]
[BlackElo "1505"]
[PlyCount "87"]
[EventDate "2023.09.30"]
[EventType "swiss"]
[EventRounds "7"]
[WhiteTeam "Findorffer Sfr"]
[BlackTeam "Schachfreunde Nordost Berlin"]

1. e4 d5 2. exd5 Qxd5 3. Nc3 Qd6 4. Bc4 Nf6 5. d3 c6 6. Nge2 Bf5 7. Bf4 Qd8 8.
f3 h5 9. Ng3 Bg6 10. Qe2 Nd5 11. Bd2 e6 12. a3 Bd6 13. Nge4 Nf4 14. Qf2 Be5 15.
Bxf4 Bxf4 16. g3 Be5 17. Qc5 Qd4 18. Qxd4 Bxd4 19. Nd6+ Ke7 20. Nxb7 a5 21. Na4
Nd7 22. c3 Ra7 23. Nxa5 Rxa5 24. cxd4 Rxa4 25. b3 Ra7 26. Kd2 Rd8 27. f4 c5 28.
Rhc1 cxd4 29. Bb5 Nb6 30. a4 Nd5 31. Rc4 Nc3 32. Bc6 Rb8 33. b4 Rd8 34. b5 f6
35. b6 Ra6 36. a5 Be8 37. Bb7 Bb5 38. Bxa6 Bxa6 39. Rc7+ Rd7 40. Ra7 Rxa7 41.
bxa7 Bb7 42. a6 Ba8 43. Ra5 Bd5 44. Rxd5 1-0

[Event "100 Jahre Schvgg Blankenese - Open 2023"]
[Site "Lise-Meitner-Gymnasium (HH)"]
[Date "2023.10.03"]
[Round "7.1"]
[White "Feuerstack, Aljoscha"]
[Black "Ertan, Can"]
[Result "1-0"]
[WhiteElo "2477"]
[BlackElo "2339"]
[PlyCount "163"]
[EventDate "2023.09.30"]
[EventType "swiss"]
[EventRounds "7"]
[WhiteTeam "FC ST.Pauli 1910 eV SAbt"]
[BlackTeam "FC ST.Pauli 1910 eV SAbt"]

1. d4 Nf6 2. c4 e6 3. g3 d5 4. Bg2 dxc4 5. Nf3 Bb4+ 6. Bd2 a5 7. Qc2 Bxd2+ 8.
Qxd2 c6 9. a4 b5 10. Na3 Bd7 11. Ne5 Ra6 12. Nxd7 Qxd7 13. axb5 cxb5 14. Qg5
O-O 15. Qxb5 Qxb5 16. Nxb5 Nc6 17. e3 Rb8 18. Na3 e5 19. d5 Nb4 20. O-O Nbxd5
21. Nxc4 g6 22. Rxa5 Rxa5 23. Nxa5 Rxb2 24. Nc4 Rb5 25. Nxe5 Nc3 26. Nc6 Rb2
27. Bf3 Nfe4 28. Bg2 Nd2 29. Re1 Nde4 30. f3 Nd2 31. Nd4 Kg7 32. Rc1 Nd5 33.
Rc2 Rb1+ 34. Kf2 Nb3 35. Nc6 Na1 36. Rd2 Nc3 37. Nd4 Nb3 38. Nxb3 Rxb3 39. Bf1
Rb1 40. Bc4 Rc1 41. Bb3 Rb1 42. Bc4 Rc1 43. Ba6 Ra1 44. Bc8 Rc1 45. Bh3 Nb1 46.
Rb2 Nc3 47. Rd2 Nb1 48. Rd7 Rc2+ 49. Ke1 Nc3 50. Be6 Kf6 51. Bb3 Rxh2 52. f4
Kf5 53. Rc7 Nb1 54. Rc2 Rh1+ 55. Kf2 Ke4 56. Rc4+ Kf5 57. Kg2 Re1 58. Kf2 Rh1
59. Rc5+ Kf6 60. Rc7 g5 61. Rxf7+ Kg6 62. f5+ Kh6 63. Ra7 Rh2+ 64. Ke1 Rh1+ 65.
Ke2 Rh2+ 66. Ke1 Rh1+ 67. Kf2 Rh2+ 68. Kg1 Rd2 69. Rc7 g4 70. f6 Rd8 71. e4 Nd2
72. Bd5 Nf3+ 73. Kf2 Ne5 74. Ke3 Kg5 75. f7 Kf6 76. Ra7 h5 77. Ra6+ Kg7 78. Re6
Ng6 79. Re8 Rxd5 80. f8=Q+ Nxf8 81. exd5 Kf7 82. Rxf8+ 1-0

[Event "100 Jahre Schvgg Blankenese - Open 2023"]
[Site "Lise-Meitner-Gymnasium (HH)"]
[Date "2023.10.03"]
[Round "7.2"]
[White "Hovhannisyan, Artur"]
[Black "Popvasilev, Kaloyan"]
[Result "0-1"]
[WhiteElo "2215"]
[BlackElo "2221"]
[PlyCount "94"]
[EventDate "2023.09.30"]
[EventType "swiss"]
[EventRounds "7"]
[WhiteTeam "SK Norderstedt von 1975"]
[BlackTeam "SV Bargteheide"]

1. Nf3 d6 2. d4 g6 3. Bf4 Nf6 4. h3 Bg7 5. e3 O-O 6. c4 Ne4 7. Bd3 f5 8. Qc2
Nc6 9. Bh2 e5 10. dxe5 Nb4 11. Qd1 dxe5 12. Be2 Qxd1+ 13. Bxd1 Nd3+ 14. Ke2
Ndxf2 15. Rf1 Nxd1 16. Rxd1 Be6 17. Na3 f4 18. Rac1 c6 19. b3 Rae8 20. Nb1 Bc8
21. Nbd2 Nxd2 22. Nxd2 Bf5 23. e4 Be6 24. Nf3 Bf6 25. Bg1 a6 26. Bc5 Rf7 27.
Bd6 Bc8 28. Kf2 Kg7 29. b4 g5 30. b5 h5 31. Rd3 g4 32. hxg4 hxg4 33. Ng1 Be6
34. bxc6 bxc6 35. Ne2 Rb7 36. Rb3 Rxb3 37. axb3 Rd8 38. Rd1 Kf7 39. Nc3 g3+ 40.
Kf1 Bg4 41. Rd2 Ke6 42. c5 Rh8 43. Ne2 Rh1+ 44. Ng1 f3 45. gxf3 Bh3+ 46. Rg2
Be7 47. Bxe7 Kxe7 0-1

[Event "100 Jahre Schvgg Blankenese - Open 2023"]
[Site "Lise-Meitner-Gymnasium (HH)"]
[Date "2023.10.03"]
[Round "7.3"]
[White "Schulze, Lara"]
[Black "Thomaschke, Dirk"]
[Result "1-0"]
[WhiteElo "2284"]
[BlackElo "2161"]
[PlyCount "29"]
[EventDate "2023.09.30"]
[EventType "swiss"]
[EventRounds "7"]
[WhiteTeam "SAbt SV Werder Bremen"]
[BlackTeam "FC ST.Pauli 1910 eV SAbt"]

1. e4 e5 2. Nc3 Nf6 3. Bc4 Nc6 4. d3 Bb4 5. Nge2 d5 6. exd5 Nxd5 7. O-O Be6 8.
Bxd5 Bxd5 9. f4 exf4 10. Nxf4 Bxc3 11. bxc3 O-O 12. Qh5 Ne7 13. Ba3 Be6 14.
Nxe6 fxe6 15. Rxf8+ 1-0

[Event "100 Jahre Schvgg Blankenese - Open 2023"]
[Site "Lise-Meitner-Gymnasium (HH)"]
[Date "2023.10.03"]
[Round "7.4"]
[White "Brendel, Oliver"]
[Black "Helmer, Jan"]
[Result "0-1"]
[WhiteElo "2280"]
[BlackElo "2152"]
[PlyCount "58"]
[EventDate "2023.09.30"]
[EventType "swiss"]
[EventRounds "7"]
[WhiteTeam "SV 1920 Hofheim"]
[BlackTeam "Hamelner SV"]

1. e4 c5 2. Nf3 Nc6 3. d4 cxd4 4. Nxd4 e5 5. Nxc6 bxc6 6. Qh5 d6 7. Bc4 Qc7 8.
Bg5 h6 9. Bh4 g6 10. Qe2 Bg7 11. Nc3 g5 12. Bg3 Nf6 13. h4 g4 14. h5 O-O 15.
O-O-O Bb7 16. f4 gxf3 17. gxf3 Nh7 18. f4 d5 19. exd5 cxd5 20. Nxd5 Bxd5 21.
Bxd5 exf4 22. Bxa8 Rb8 23. c3 Bxc3 24. b3 fxg3 25. Be4 Ng5 26. Bc2 Qa5 27. Kb1
Qa3 28. Bf5 a5 29. Rc1 Rxb3+ 0-1

[Event "100 Jahre Schvgg Blankenese - Open 2023"]
[Site "Lise-Meitner-Gymnasium (HH)"]
[Date "2023.10.03"]
[Round "7.5"]
[White "Callsen, Niklas"]
[Black "Bracker, Frank"]
[Result "0-1"]
[WhiteElo "2176"]
[BlackElo "2278"]
[PlyCount "122"]
[EventDate "2023.09.30"]
[EventType "swiss"]
[EventRounds "7"]
[WhiteTeam "SK Doppelbauer Kiel von 1910 e.V"]
[BlackTeam "Hamburger SK von 1830 eV"]

1. e4 e5 2. Nf3 Nc6 3. Bb5 a6 4. Ba4 Nf6 5. O-O Be7 6. Re1 b5 7. Bb3 O-O 8. a4
b4 9. d4 d6 10. dxe5 dxe5 11. Qxd8 Rxd8 12. Nbd2 h6 13. Nc4 Bd6 14. a5 Be6 15.
Ba4 Bxc4 16. Bxc6 Rab8 17. b3 Bb5 18. Bxb5 Rxb5 19. Bb2 Rc5 20. Re2 Nd7 21. Ne1
Nb8 22. Nd3 Rb5 23. f4 exf4 24. e5 Bc5+ 25. Nxc5 Rxc5 26. Rf1 Nc6 27. Rxf4 Rd1+
28. Rf1 Rxf1+ 29. Kxf1 Nd8 30. Kf2 Ne6 31. Ke3 Rxa5 32. g3 Ra2 33. Bc1 Ra1 34.
Bd2 c5 35. Kd3 a5 36. Be3 a4 37. bxa4 Rxa4 38. Kc4 Ra3 39. Bd2 Ra2 40. c3 bxc3
41. Kxc3 Kh7 42. Rf2 Kg6 43. Kb3 Ra1 44. Kc4 Ra4+ 45. Kd3 Ra2 46. Kc4 h5 47.
Kb3 Ra1 48. Kc4 Ra4+ 49. Kd3 Ra2 50. Kc4 Rc2+ 51. Kd3 Nd4 52. Rf4 Ra2 53. Rf1
Nb3 54. Be3 Rxh2 55. Kc3 Re2 56. Rf3 Na5 57. Kd3 Rb2 58. Bxc5 Rb3+ 59. Ke4 Rxf3
60. Kxf3 Kf5 61. Bf8 g5 0-1